| 000 | 00776nam a22002177a 4500 | ||
|---|---|---|---|
| 999 |
_c6197 _d6197 |
||
| 003 | AR-CdUCM | ||
| 008 | 190313b ||||| |||| 00| 0 spa d | ||
| 040 |
_aMUNICIPALIDAD PROVINCIAL DEL CUSCO _cBIBLIOTECA MUNICIPAL DEL CUSCO |
||
| 082 |
_a780.924 / _bC97 |
||
| 100 |
_aCurzon, Henri de _917882 |
||
| 245 | _aMozart / | ||
| 260 |
_aBuenos Aires : _bTor, _c1946. |
||
| 300 |
_a190 paginas ; _c17.5 cm. |
||
| 440 |
_aLos maestros de la música _n2 _917883 |
||
| 505 | _aPrimera infancia, primeros viajes -- En Salzburg y en viena -- Primer viaje a Italia -- Salzburg. Segundo viaje a Italia -- Ultimo viaje a Italia ... | ||
| 650 |
_aMúsicos austriacos _917884 |
||
| 650 |
_aBiografía _922 |
||
| 700 |
_aChávarri, Eduardo L. _917885 |
||
| 942 |
_2ddc _cLIBROS |
||
| 945 | _aacv | ||